000 01120cab a22002295a 4500
001 L138420
008 070605e20070602xxkado f 000 0 eng d
035 _a(Sirsi) u138420
041 0 _aeng
100 1 _aGardiner, Hannah
245 0 0 _aFocus
_bLondon and South East boroughs
260 _c2007
490 _aEstates Gazette
_v(0722) 2 June 2007, 115-135(12)
520 _aReports on a slow second quarter for the City's commercial property market, despite two headline deals being concluded. Thoughts on recent interest rises and their impact on the market are presented. The South Bank is now attracting major occupiers and a shortage of space is hinted at. The commercial partner behind Elephant & Castle's regeneration scheme is soon to be decided upon, after many delays. Schemes at the Greenwich Peninsula project are described. A £200m development project for Lewisham is soon to be approved.
590 _aKA
651 4 _aSOUTH EAST
690 _aPROPERTY-COMMERCIAL PROPERTY-COMMERCIAL PROPERTY MARKET
700 1 _aNeale, Jon
700 1 _aRobson, Claire
700 1 _aNorman, Paul
942 _n0
999 _c78861
_d78861